00000000cam 2200000zi 4500
0019.956177
003CaOODSP
00520251211133827
006m     o  d f      
007cr mn|||||||||
008251009e20251211oncd    ob   f000 0 fre d
020 |a9780660792774
040 |aCaOODSP|bfre|erda|cCaOODSP
043 |an-cn---
0861 |aCS462-80001/2025-1-5F-PDF
1001 |aPârvulescu, Radu Andrei, |eauteur.
24514|aLes résidents non permanents sur le marché des propriétés résidentielles / |cpar Radu Andrei Pârvulescu.
264 1|a[Ottawa] : |bStatistique Canada = Statistics Canada, |c11 décembre 2025.
264 4|c©2025
300 |a1 ressource en ligne (9 pages) : |bgraphiques.
336 |atexte|btxt|2rdacontent/fre
337 |ainformatique|bc|2rdamedia/fre
338 |aressource en ligne|bcr|2rdacarrier/fre
4901 |aStatistiques sur le logement au Canada, |x2818-1352
500 |aTitre de la couverture.
500 |aPublié aussi en anglais sous le titre : Non-permanent residents in the homeownership market.
500 |a« Date de diffusion : le 11 décembre 2025. »
504 |aComprend des références bibliographiques.
520 |a« Le présent article décrit le rôle que jouent les résidents non permanents (RNP) dans le marché du logement en examinant la prévalence des RNP parmi les propriétaires et acheteurs de propriétés résidentielles. Il aborde également la prévalence de propriétaires au sein de la population de RNP. Ensemble, ces deux mesures brossent un portrait plus complet des résidents non permanents en ce qui a trait à l’accès à la propriété et au mode d’occupation. Cet article est le premier d’une série d’articles qui examinent l’accession à la propriété chez les nouveaux arrivants au Canada »--page 3.
650 6|aHabitations|xPossession|zCanada|vStatistiques.
650 6|aLogement|zCanada|vStatistiques.
655 7|aStatistiques|2rvmgf
7102 |aStatistique Canada, |eorganisme de publication.
77508|tNon-permanent residents in the homeownership market / |w(CaOODSP)9.956176
830#0|aStatistiques sur le logement au Canada (Statistique Canada)|w(CaOODSP)9.890728
85640|qPDF|s263 Ko|uhttps://publications.gc.ca/collections/collection_2025/statcan/46-28-0001/CS462-80001-2025-5-fra.pdf
8564 |qHTML|sS.O.|uhttps://www150.statcan.gc.ca/n1/pub/46-28-0001/2025001/article/00005-fra.htm
986 |a46-28-0001